Se qualcuno mi dicesse Racconti

Furkejuvvon:
Bibliográfalaš dieđut
Váldodahkki: Morgan, Henrie
Materiálatiipa: Girji
Giella:eaŋgalasgiella
Almmustuhtton: Roma Fabio Croce Editore 2005
Fáddágilkorat: Lasit fáddágilkoriid
Eai fáddágilkorat, Lasit vuosttaš fáddágilkora!

MARC

LEADER 00000nam a2200000 4500
005 20240710184046.0
008 240710b |||||||| |||| 00| 0 eng d
020 |a 9788889337110 
040 |c GP 
100 |a Morgan, Henrie 
245 |a Se qualcuno mi dicesse  |b Racconti 
260 |a Roma  |b Fabio Croce Editore  |c 2005 
942 |2 ddc  |c BK  |n 0 
952 |0 0  |1 0  |2 ddc  |4 0  |6 813_000000000000000_MOR  |7 1  |9 1609  |a RM  |b RM  |d 2024-07-10  |l 0  |o 813 MOR  |p 339  |r 2024-07-10 18:41:06  |w 2024-07-10  |y BK 
999 |c 1428  |d 1428